Schaum’s outline of theory and problems of differential and integral calculus
This is a great book for anyone who wants to learn or supplement his or her knowledge of the subject. I have used this book for my first year of college calculus and thanks to it I received an A, because of that I will continue to use it, it helps you understand the problems, but you actually have t...
Salvato in:
| Autore principale: | |
|---|---|
| Natura: | Libro |
| Lingua: | Undetermined |
| Pubblicazione: |
New York
McGraw-Hill
1990
|
| Soggetti: | |
| Tags: |
Aggiungi Tag
Nessun Tag, puoi essere il primo ad aggiungerne! !
|
| Thư viện lưu trữ: | Trung tâm Học liệu Trường Đại học Cần Thơ |
|---|
| LEADER | 01046nam a2200193Ia 4500 | ||
|---|---|---|---|
| 001 | CTU_148579 | ||
| 008 | 210402s9999 xx 000 0 und d | ||
| 082 | |a 515 | ||
| 082 | |b A985 | ||
| 100 | |a Ayres, Frank | ||
| 245 | 0 | |a Schaum’s outline of theory and problems of differential and integral calculus | |
| 245 | 0 | |c Frank Ayres, Jr. , Elliott Mendelson | |
| 260 | |a New York | ||
| 260 | |b McGraw-Hill | ||
| 260 | |c 1990 | ||
| 520 | |a This is a great book for anyone who wants to learn or supplement his or her knowledge of the subject. I have used this book for my first year of college calculus and thanks to it I received an A, because of that I will continue to use it, it helps you understand the problems, but you actually have to think about them, you have to find out how equations are related and/or used, that is calculus, Calculus involves thinking if it didn't then anyone could be a physicist. | ||
| 650 | |a Calculus,Phương trình vi phân | ||
| 904 | |i Tuyến | ||
| 980 | |a Trung tâm Học liệu Trường Đại học Cần Thơ | ||